Návrh efektívneho využitia personálneho informačného systému v priemyselnom podniku ON Semiconductor Slovakia, a.s.

Gespeichert in:
Bibliographische Detailangaben
1. Verfasser: Sedláková, Karina (Verfasst von)
Weitere Verfasser: Prajová, Vanessa (Betreuung Doktorarbeit)
Format: Manuskript Buch
Sprache:Slowakisch
Veröffentlicht: 2021
Schlagworte:
Online-Zugang:http://is.stuba.sk/zp/portal_zp.pl?podrobnosti=157957
Tags: Tag hinzufügen
Keine Tags, Fügen Sie das erste Tag hinzu!

MARC

LEADER 00000ntm a22000003a 4500
001 stuzp83223
003 SK-STU
005 20210612211420.9
007 ta
008 150427s2015----xo-----f-mn---000-0-slo-d
040 |a STU  |b slo 
041 0 |a slo 
100 1 |a Sedláková, Karina  |u 064000  |k Z4  |4 aut  |U MTF Materiálovotechnologická fakulta  |T MTF Ústav priemyselného inžinierstva a manažmentu  |X 85555  |U M4000  |Y 84  |7 85555 
242 0 1 |a Proposal for the effective use of the personal information system in the industrial company ON Semiconductor Slovakia, a.s.  |y eng 
245 1 0 |a Návrh efektívneho využitia personálneho informačného systému v priemyselnom podniku ON Semiconductor Slovakia, a.s. 
260 |c 2021 
650 4 |a Personálne informačné systémy  |2 slo 
650 4 |a HR  |2 slo 
650 4 |a Informačný systém  |2 slo 
650 4 |a Personnel information systems  |2 eng 
650 4 |a Information system  |2 eng 
650 4 |a HR  |2 eng 
700 1 |a Prajová, Vanessa  |u 064000  |k Z1  |4 ths  |U MTF Materiálovotechnologická fakulta  |T MTF Ústav priemyselného inžinierstva a manažmentu  |X 47651  |U M4000  |Y 84  |7 A000047651 
856 4 |u http://is.stuba.sk/zp/portal_zp.pl?podrobnosti=157957 
996 |c M* DP-14765  |l MMSKP  |s P  |a 0  |w stuzp83223_0001